Welcome to CU Library Online Public Access Catalogue (OPAC)

The International guide to management consultancy (Record no. 5093)

MARC details
000 -LEADER
fixed length control field 00499nam a22001697a 4500
005 - DATE AND TIME OF LATEST TRANSACTION
control field 20250322135151.0
008 - FIXED-LENGTH DATA ELEMENTS--GENERAL INFORMATION
fixed length control field 250322b |||||||| |||| 00| 0 eng d
020 ## - INTERNATIONAL STANDARD BOOK NUMBER
International Standard Book Number 9780749435615
050 ## - LIBRARY OF CONGRESS CALL NUMBER
Classification number HD69
Item number .C6 INT
245 ## - TITLE STATEMENT
Title The International guide to management consultancy
Statement of responsibility, etc. edited by Barry Curnow and Jonathan Reuvid
260 ## - PUBLICATION, DISTRIBUTION, ETC.
Place of publication, distribution, etc. London
Name of publisher, distributor, etc. Kogan Page Ltd
Date of publication, distribution, etc. c2001
300 ## - PHYSICAL DESCRIPTION
Extent xxiv, 520p
500 ## - GENERAL NOTE
General note includes index
700 ## - ADDED ENTRY--PERSONAL NAME
Personal name Curnow, Barry
700 ## - ADDED ENTRY--PERSONAL NAME
Personal name Jonathan Reuvid
942 ## - ADDED ENTRY ELEMENTS (KOHA)
Source of classification or shelving scheme Library of Congress Classification
Koha item type Books
Suppress in OPAC No
999 ## -
-- 5093
-- 5093
Holdings
Withdrawn status Lost status Source of classification or shelving scheme Damaged status Not for loan Collection Home library Current library Shelving location Date acquired Total checkouts Full call number Barcode Date last seen Copy number Price effective from Koha item type
    Library of Congress Classification     Non-fiction Graduate Library (Christ Temple) Graduate Library (Christ Temple) General stacks 06/10/2025   HD 69.C6 INT GSCT00001581 06/10/2025 1 06/10/2025 Books
    Library of Congress Classification     Non-fiction Graduate Library (Christ Temple) Graduate Library (Christ Temple) General stacks 06/10/2025   HD 69.C6 INT GSCT00001582 06/10/2025 2 06/10/2025 Books
    Library of Congress Classification     Non-fiction Undergraduate Library (Christ Temple) Undergraduate Library (Christ Temple) General stacks 03/22/2025   HD69.C6 INT ulct00001891 03/22/2025 1 03/22/2025 Books
© 2023-2024 Copyright: Central University Libraries. All Rights Reserved | Created by: Mahone Tech Office